|
|
|
|
| LEADER |
00969nam a2200253 a 4500 |
| 001 |
3053420 |
| 008 |
960718s1997 njua b 001 0 eng |
| 010 |
|
|
|a 96031857
|
| 020 |
|
|
|a 0132106345 (alk. paper)
|
| 040 |
|
|
|a DLC
|c DLC
|d DLC
|d BD-DhAAL
|
| 082 |
0 |
0 |
|a 658
|2 20
|
| 100 |
1 |
|
|a Certo, Samuel C.
|
| 245 |
1 |
0 |
|a Modern management :
|b diversity, quality, ethics, and the global environment /
|c Samuel C. Certo.
|
| 250 |
|
|
|a 7th ed.
|
| 260 |
|
|
|a Upper Saddle River, N.J. :
|b Prentice Hall,
|c c1997.
|
| 300 |
|
|
|a xvi, 640 p. :
|b ill. ;
|c 28 cm.
|
| 504 |
|
|
|a Includes bibliographical references (p. 603-625) and indexes.
|
| 541 |
1 |
|
|e 00014829
|
| 650 |
|
0 |
|a Management.
|
| 650 |
|
0 |
|a Industrial management.
|
| 650 |
|
0 |
|a Social responsibility of business.
|
| 852 |
|
|
|a Ayesha Abed Library
|c General Shelf.
|
| 999 |
|
|
|c 10395
|d 10395
|
| 952 |
|
|
|0 0
|1 0
|2 ddc
|4 0
|6 658_CER
|7 0
|9 14187
|a BRACUL
|b BRACUL
|c GEN
|d 2011-01-25
|l 7
|m 24
|o 658 CER
|p 3010014829
|r 2025-01-17
|s 2024-10-23
|t 1
|w 2011-01-25
|y BK
|